000 00463nam a2200169 4500
001 121085
003 ES-MaACL
005 20230906191702.0
007 t|
008 070214s1977 sp r ||||1| spa d
100 1 _aPonge, Francis.
_992974
245 1 3 _aEl jabón /
_cFrancis Ponge ; traducción de T. Garin.
260 _aValencia :
_bPre-Textos,
_c1977.
300 _a126 p. ;
_c20 cm.
700 1 _aGarin, T.
_955560
852 _aES-MaACL
_jA-6756
_bR.95863
999 _c121085
_d121085